000 00953nam a2200241 a 4500
001 000094463
003 AM-YEHGA
005 20250617122108.0
008 950417s1990 ru ||||| |||| 00| 0 rus d
020 _a5020053414
040 _aAM-YeHGA
041 0 _arus
245 1 0 _aИммунобиология постнатального развития /
_cВ. И. Донцов ; Отв. ред. Ф. А. Ата-Мурадова ; АН СССР. Моск. о-во испытателей природы.
260 _aМосква :
_bНаука,
_c1990.
300 _a150 с. ;
_c22 см.
504 _aБиблиогр.: с. 140-149
650 1 4 _aКлетки (биол.) - Пролиферация
650 1 4 _aЛимфациты - Физиология
700 1 _aАта-Мурадова, Ф. А.
_eред.
_4edt
710 2 _aМосковское общество испытателей природы
942 _2udc
_cBK
090 _c30494
999 _c30073
_d30073